Städte Italiens - Bilderquiz - Statistiken

Allgemein
  • Dieses Quiz wurde 89 mal gespielt
  • Das Durchschnittsergebnis liegt bei 12 aus 20
Antwortstatistiken
Bildquiz Antwort % Korrekt
Rom
100%
Pisa
97%
Mailand
96%
Florenz
95%
Venedig
95%
Neapel
85%
Turin
79%
Palermo
75%
Genua
69%
Verona
61%
Bari
56%
Rimini
53%
Bergamo
48%
Triest
44%
Parma
37%
Siena
31%
Messina
29%
Ravenna
28%
Padua
27%
Syrakus
13%
Keine übereinstimmenden Quizze gefunden
Verteilung der Resultate
Anzahl Personen mit jedem Resultat
Perzentil nach korrekt beantworteten Fragen
Ihre Resultats-Entwicklung
Sie haben dieses Quiz noch nicht gespielt